Environmental Taxes Applied within the EU

Rozdielna právna interpretácia environmentálneho zdaňovania v štátoch EÚ. Význam a efekty environmentálneho zdaňovania. Potreba zahrnutia ďalších sektorov hospodárstva do emisných výmenných schém.

Na minha lista:
Detalhes bibliográficos
Autor principal: Válek, Juraj, 1981-
Formato: Capítulo de Livro
Idioma:inglês
Assuntos:
Tags: Adicionar Tag
Sem tags, seja o primeiro a adicionar uma tag!

MARC

LEADER 00000naa a2200000 4500
001 0215313
005 20240502083540.6
041 0 |a eng 
044 |a GB 
245 1 0 |a Environmental Taxes Applied within the EU  |c Juraj Válek 
520 |a Rozdielna právna interpretácia environmentálneho zdaňovania v štátoch EÚ. Význam a efekty environmentálneho zdaňovania. Potreba zahrnutia ďalších sektorov hospodárstva do emisných výmenných schém. 
610 2 0 |a politika environmentálna 
610 2 0 |a zdaňovanie 
610 2 0 |a emisie 
610 2 0 |a produkt domáci hrubý 
610 2 0 |a harmonizácia 
100 1 |a Válek, Juraj, 1981-